Motivy a strategie vstupu evropské firmy na čínský trh bakalárska práca

Salvato in:
Dettagli Bibliografici
Autore principale: Krejčí, Kateřina
Ente Autore: Obchodná fakulta EU. Katedra medzinárodného obchodu
Altri autori: Zábojník, Stanislav, 1984-
Natura: Libro
Lingua:slovacco
Pubblicazione: Bratislava 2009
Tags: Aggiungi Tag
Nessun Tag, puoi essere il primo ad aggiungerne!!

MARC

LEADER 00000nam$a2200000$$$4500
001 0103509
005 20240318133720.9
041 0 |a slo 
044 |a SK 
245 1 0 |a Motivy a strategie vstupu evropské firmy na čínský trh  |b bakalárska práca  |c Kateřina Krejčí ; škol. Stanislav Zábojník 
264 1 |a Bratislava  |c 2009 
300 |a 66 s. 
100 1 |a Krejčí, Kateřina 
700 1 |a Zábojník, Stanislav, 1984- 
710 2 |a Obchodná fakulta EU. Katedra medzinárodného obchodu